| 000 | 00559nam a22001695i 4500 | ||
|---|---|---|---|
| 001 | 48181 | ||
| 003 | ES-MaACL | ||
| 007 | t| | ||
| 008 | 950706s1867 fr ||||1| fre d | ||
| 040 |
_aCAM _bspa _cCAM |
||
| 100 | 1 |
_aChasles, Philarète, _d1798-1873 _938156 |
|
| 245 | 1 | 0 |
_aEtudes contemporaines _b: théâtre, musique et voyages / _cpar M. Philarète Chasles. |
| 260 |
_aParis : _bAmyot, _c1867 ( _eCoulommiers : _ftypographie de A. Moussin) |
||
| 300 |
_a[4], II, [2], 382 p. ; _c18 cm. |
||
| 852 |
_aES-MaACL _jC-694 |
||
| 999 |
_c48181 _d48181 |
||